Les 30 villes les plus ensoleillées de France - Statistiques

Statistiques générales
  • Ce quiz a été pris 23 fois
  • Le résultat moyen est 14 sur 30
Statistiques - réponses
Par images Hint Réponse % Correct
5e / 281 h / 06 / N Nice
85%
4e / 283 h / 06 / C Cannes
75%
7e / 277 h / 13 / M Marseille
75%
21e / 268 h / 13 / A Arles
65%
1er / 286 h / 06 / G Grasse
65%
27e / 261 h / 30 / N Nîmes
60%
24e / 267 h / 84 / O Orange
60%
2e / 285 h / 06 / A Antibes
55%
7e / 277 h / 13 / M Martigues
55%
29e / 259 h / 34 / M Montpellier
55%
18e / 271 h / 66 P Perpignan
55%
5e / 281 h / 83 / F Fréjus
50%
19e / 270 h / 05 / G Gap
50%
10e / 275 h / 06 / M Menton
50%
15e / 274 h / 83 / T Toulon
50%
24e / 267 h / 20 / A Ajaccio
45%
30e / 256 h / 34 / B Béziers
45%
9e / 276 h / 83 / H Hyères
45%
22e / 268 h / 20 / B Bastia
40%
16e / 272 h / 83 / D Draguignan
40%
19e / 270 h / 13 / I Istres
40%
14e / 274 h / 04 / M Manosque
40%
10e / 275 h / 13 / A Aubagne
35%
22e / 268 h / 84 / C Carpentras
30%
2e / 285 h / 06 / C Cagnes-sur-Mer
25%
8e / 277 h / 13 / L La Ciotat
25%
16e / 272 h / 13 / M Marignane
25%
10e / 275 h / 13 / S Salon-de-Provence
25%
27e / 261 h / 34 / L Lunel
20%
24e / 267 h / 13 / A Aix-en-Provence
15%
Aucun quiz correspondant
Distribution des résultats
% des personnes avec chaque résultat
Percentile par nombre de réponses
Votre historique - résultats
Vous n’avez pas pris ce quiz